[Event "Titled Tue 27th May Early"]
[Site "chess.com INT"]
[Date "2025.05.27"]
[Round "2"]
[White "Karas, Eugenia"]
[Black "Sabuk, Piotr"]
[Result "1-0"]
[WhiteTitle "WFM"]
[BlackTitle "IM"]
[WhiteElo "2124"]
[BlackElo "2321"]
[WhiteFideId "463485"]
[BlackFideId "1137565"]
[EventDate "2025.05.27"]

1. Nf3 d5 2. b3 Nc6 3. Bb2 Bg4 4. d4 Nf6 5. e3 e6 6. Be2 Bd6 7. O-O O-O 8. Nbd2
Qe7 9. c4 Ba3 10. Bxa3 Qxa3 11. Ne5 Bxe2 12. Qxe2 Nxe5 13. dxe5 Nd7 14. cxd5
exd5 15. Qb5 Nb6 16. Nf3 a5 17. Qd3 Qe7 18. Rac1 c6 19. e4 Rfe8 20. Qd4 Qd8 21.
Rfd1 dxe4 22. Qxe4 Nd5 23. Nd4 Qg5 24. Nf3 Qf4 25. Qxf4 Nxf4 26. Kf1 Rad8 27.
Ng5 h6 28. Ne4 Rxd1+ 29. Rxd1 Rxe5 30. Rd8+ Kh7 31. Nd6 Rc5 32. f3 Rc1+ 33. Kf2
Rc2+ 34. Ke3 Nxg2+ 35. Kd3 Ne1+ 36. Ke3 b5 37. Nxf7 Rxa2 38. Ne5 1-0

[Event "Titled Tue 27th May Early"]
[Site "chess.com INT"]
[Date "2025.05.27"]
[Round "2"]
[White "Bonaveri, Agustin"]
[Black "Deveci, Huseyin Said"]
[Result "0-1"]
[WhiteTitle "FM"]
[BlackTitle "CM"]
[WhiteElo "2367"]
[BlackElo "2212"]
[WhiteFideId "104027"]
[BlackFideId "26322455"]
[EventDate "2025.05.27"]

1. c4 c5 2. Nc3 Nc6 3. g3 g6 4. Bg2 Bg7 5. d3 d6 6. e4 f5 7. Nge2 e5 8. Be3 Nge7
9. Qd2 O-O 10. O-O Nd4 11. Nd5 Nxd5 12. cxd5 Rb8 13. f4 b5 14. fxe5 dxe5 15. Bg5
Qd6 16. Rac1 fxe4 17. dxe4 Bg4 18. Nxd4 exd4 19. Bf4 Be5 20. Bh6 Rxf1+ 21. Rxf1
c4 22. Qf2 Qe7 23. d6 Bxd6 24. e5 Bxe5 25. Bd5+ Kh8 26. Qe1 Bf5 27. g4 Bxg4 28.
Rf7 Bxh2+ 29. Kxh2 Qxe1 30. Bg7+ Kg8 31. Re7+ Be6 32. Bxe6+ Qxe6 33. Rxe6 Kxg7
34. Ra6 Rb7 35. Rd6 d3 36. Kg3 Re7 0-1

[Event "Titled Tue 27th May Early"]
[Site "chess.com INT"]
[Date "2025.05.27"]
[Round "2"]
[White "Fernandez, Michael"]
[Black "Frempong-Smart Daniel"]
[Result "1-0"]
[WhiteTitle "FM"]
[BlackTitle "CM"]
[WhiteElo "2226"]
[BlackElo "1841"]
[WhiteFideId "5803560"]
[BlackFideId "12601659"]
[EventDate "2025.05.27"]

1. c4 e6 2. d4 Nf6 3. Nf3 b6 4. g3 Bb7 5. Bg2 Bb4+ 6. Bd2 Be7 7. Nc3 O-O 8. O-O
d5 9. cxd5 exd5 10. Bg5 Ne4 11. Bxe7 Qxe7 12. e3 Nd7 13. Nd2 Nxc3 14. bxc3 c5
15. Re1 Nf6 16. a4 Rfe8 17. a5 b5 18. Nb3 c4 19. Nc5 a6 20. f3 Qc7 21. e4 dxe4
22. fxe4 Rad8 23. Qf3 Re7 24. Nxb7 Qxb7 25. Qf5 Qd7 26. Qf4 Rde8 27. e5 Nd5 28.
Qf3 Nc7 29. Rad1 g6 30. Qb7 Qc8 31. Qxc8 Rxc8 32. d5 Ree8 33. d6 Ne6 34. d7 Rcd8
35. dxe8=Q+ Rxe8 36. Rd6 Nc7 37. Rc6 Re7 38. h4 Kg7 39. Bh3 h5 40. Bc8 Ne6 41.
Bxa6 1-0

[Event "Titled Tue 27th May Early"]
[Site "chess.com INT"]
[Date "2025.05.27"]
[Round "2"]
[White "Arabidze, Meri"]
[Black "Daspres, Loic"]
[Result "1-0"]
[WhiteTitle "IM"]
[BlackTitle "CM"]
[WhiteElo "2440"]
[BlackElo "2207"]
[WhiteFideId "13604040"]
[BlackFideId "20612281"]
[EventDate "2025.05.27"]

1. b3 e5 2. Bb2 Nc6 3. c4 Nf6 4. g3 d5 5. Bg2 d4 6. d3 Bb4+ 7. Nd2 O-O 8. a3 Bc3
9. Qc2 Bxb2 10. Qxb2 Re8 11. b4 Bf5 12. b5 Na5 13. Qb4 b6 14. Bxa8 Qxa8 15. f3
Nb7 16. Nb3 e4 17. Nxd4 Nc5 18. dxe4 Nfxe4 19. Rd1 Bg6 20. Nc6 Nd6 21. Kf2 Qc8
22. h4 h5 23. Nh3 Nf5 24. Nf4 Kh7 25. e4 Nd6 26. Nxg6 fxg6 27. Rhe1 Rf8 28. Kg2
Qe6 29. Qc3 Qxc4 30. Qxc4 Nxc4 31. e5 Ne6 32. f4 Nxa3 33. Nxa7 Ra8 34. Nc6 Nxb5
35. Rd7 Ra2+ 36. Kh3 Ra3 37. Rf1 Nbd4 38. Nd8 Ne2 39. Nxe6 Rxg3+ 40. Kh2 Rc3 41.
Ng5+ Kg8 42. Rd8# 1-0

[Event "Titled Tue 27th May Early"]
[Site "chess.com INT"]
[Date "2025.05.27"]
[Round "2"]
[White "Andrade, Ivan"]
[Black "Deichmann, Esteban Horacio"]
[Result "1-0"]
[WhiteTitle "FM"]
[WhiteElo "2161"]
[BlackElo "2085"]
[WhiteFideId "14800039"]
[BlackFideId "167410"]
[EventDate "2025.05.27"]

1. e4 c5 2. Nf3 Nc6 3. Bb5 g6 4. O-O Bg7 5. Re1 Qb6 6. Bxc6 bxc6 7. c3 e5 8. Na3
Ne7 9. Nc4 Qc7 10. d3 O-O 11. Bg5 f6 12. Bh4 d5 13. Ne3 h5 14. h3 Be6 15. c4 d4
16. Nc2 Rab8 17. b3 Qd7 18. Bg3 Rbe8 19. b4 cxb4 20. Nxb4 a5 21. Nc2 g5 22. Qd2
Ng6 23. Qxa5 Bxh3 24. gxh3 Qxh3 25. Nd2 h4 26. Bh2 g4 27. Nf1 Nf4 28. Bxf4 exf4
29. f3 g3 30. Qd2 Bh6 31. Nxd4 Qd7 32. Nf5 Bg5 33. d4 Rf7 34. Rab1 Rh7 35. Rb2
h3 36. Reb1 Qa7 37. c5 Kh8 38. Nd6 Rg8 39. Rb7 h2+ 40. Kh1 Qa6 41. Rxh7+ Kxh7
42. Rb7+ Rg7 43. Rxg7+ Kxg7 44. Nf5+ Kg6 45. Qd1 Qa3 46. Qe2 Qxa2 47. Qxa2 Kh5
48. Qf7# 1-0

[Event "Titled Tue 27th May Early"]
[Site "chess.com INT"]
[Date "2025.05.27"]
[Round "2"]
[White "Terry, Renato"]
[Black "Skliarov, Viktor"]
[Result "1/2-1/2"]
[WhiteTitle "IM"]
[BlackTitle "IM"]
[WhiteElo "2508"]
[BlackElo "2334"]
[WhiteFideId "3803457"]
[BlackFideId "14106736"]
[EventDate "2025.05.27"]

1. d4 Nf6 2. Bg5 Ne4 3. Bf4 c5 4. f3 Qa5+ 5. c3 Nf6 6. d5 Qb6 7. Bc1 e6 8. e4
exd5 9. exd5 d6 10. c4 Bf5 11. Nc3 Be7 12. g4 Bg6 13. Bd3 Nbd7 14. Nge2 Bxd3 15.
Qxd3 Ne5 16. Qe3 Nxc4 17. Qf4 Ne5 18. O-O h5 19. g5 Nfd7 20. Ng3 g6 21. Nge4 h4
22. Qd2 O-O-O 23. Kh1 c4 24. Qe2 Kb8 25. Be3 Qa6 26. a4 Nd3 27. Nb5 N7c5 28.
Bxc5 dxc5 29. d6 Bxd6 30. b3 Be5 31. Rad1 Rhe8 32. bxc4 Nf4 33. Qc2 Qc6 34.
Rxd8+ Rxd8 35. Rd1 Rxd1+ 36. Qxd1 Ne6 37. a5 a6 38. Na3 Nd4 39. Nc2 Qa4 40. Ne3
Qxd1+ 41. Nxd1 Nxf3 42. Kg2 Nd4 43. Nxc5 Bf4 44. Ne4 Ne6 45. Ndc3 Nxg5 46. Nc5
Bc7 47. Nb3 Ne6 48. Kf3 g5 49. Nd5 f5 50. Ne7 g4+ 51. Kg2 Nf4+ 52. Kh1 g3 53.
hxg3 hxg3 54. Nxf5 g2+ 55. Kh2 Be5 56. Ne7 Kc7 57. Nf5 Kc6 58. Kg1 Kd7 59. Nc5+
Kc6 60. Nb3 Kd7 61. Nc5+ Kc6 62. Nb3 1/2-1/2

[Event "Titled Tue 27th May Early"]
[Site "chess.com INT"]
[Date "2025.05.27"]
[Round "2"]
[White "Barwinska, Ewa"]
[Black "Purtseladze, Maka"]
[Result "1-0"]
[WhiteTitle "WFM"]
[BlackTitle "IM"]
[WhiteElo "2014"]
[BlackElo "2261"]
[WhiteFideId "21833761"]
[BlackFideId "13602659"]
[EventDate "2025.05.27"]

1. e4 c6 2. d4 d5 3. Nc3 dxe4 4. Nxe4 Nf6 5. Nxf6+ exf6 6. c3 Bd6 7. Bd3 O-O 8.
Qc2 Re8+ 9. Be3 h5 10. O-O-O Nd7 11. Ne2 Nf8 12. Kb1 h4 13. h3 Be6 14. c4 b5 15.
d5 bxc4 16. dxe6 cxd3 17. exf7+ Kxf7 18. Qxd3 Re6 19. Nd4 Be5 20. Nxe6 Qxd3+ 21.
Rxd3 Kxe6 22. f4 Bc7 23. Re1 Kf5 24. Bf2 Bxf4 25. Bxh4 g5 26. Bf2 Be5 27. Bg3
Ng6 28. Bxe5 Nxe5 29. Rd6 Rf8 30. g4+ Kf4 31. Rf1+ Kg3 32. Re6 Nd7 33. Rxc6 Kxh3
34. Rd6 Ne5 35. Rdxf6 Re8 36. Re1 Nxg4 37. Rf3+ Kh2 38. Rxe8 1-0

[Event "Titled Tue 27th May Early"]
[Site "chess.com INT"]
[Date "2025.05.27"]
[Round "2"]
[White "Al-Tarboush, Ward"]
[Black "Kovalenko, Igor"]
[Result "0-1"]
[WhiteTitle "FM"]
[BlackTitle "GM"]
[WhiteElo "2223"]
[BlackElo "2676"]
[WhiteFideId "7601450"]
[BlackFideId "14117908"]
[EventDate "2025.05.27"]

1. e4 d5 2. exd5 Qxd5 3. Nc3 Qa5 4. d4 Nf6 5. Nf3 Bf5 6. Ne5 c6 7. g4 Be6 8. Bg2
Nbd7 9. Bd2 Qb6 10. g5 Nxe5 11. dxe5 Nd7 12. Qe2 g6 13. O-O-O Bg7 14. f4 O-O-O
15. Be3 Qa5 16. Rd4 Nb6 17. Rhd1 Rxd4 18. Rxd4 h6 19. h4 hxg5 20. hxg5 Bxa2 21.
Bd2 Be6 22. Na4 Qb5 23. Qxb5 cxb5 24. Nc5 Bf5 25. b3 Rh4 26. Bxb7+ Kc7 27. Bf3
Bxe5 28. Na6+ Kc8 29. Rb4 Bd6 30. Rxb5 Bxf4 31. Rc5+ Kd8 32. Bxf4 Rxf4 33. Bb7
Rg4 34. c4 Rxg5 35. Re5 Rg1+ 36. Kb2 f6 37. Re2 Rb1+ 38. Ka2 Rd1 39. c5 Nd5 40.
c6 Nc3+ 41. Kb2 Nxe2 42. c7+ Ke8 43. Be4 Bc8 44. Nc5 Rd2+ 45. Ka3 f5 46. Bc6+
Kf7 47. Bd7 Rxd7 48. Nxd7 Bxd7 0-1

[Event "Titled Tue 27th May Early"]
[Site "chess.com INT"]
[Date "2025.05.27"]
[Round "2"]
[White "Tilahun, Abel Mathewos"]
[Black "Vlassov, Nikolai"]
[Result "1-0"]
[WhiteTitle "CM"]
[BlackTitle "IM"]
[WhiteElo "1944"]
[BlackElo "2291"]
[WhiteFideId "15702391"]
[BlackFideId "4103360"]
[EventDate "2025.05.27"]

1. d4 Nf6 2. c4 Nc6 3. Nf3 e6 4. a3 g6 5. Nc3 Bg7 6. Bf4 O-O 7. e3 d6 8. h3 Qe7
9. Be2 e5 10. Bg3 Nh5 11. Bh2 f5 12. O-O f4 13. Nd5 Qd8 14. dxe5 dxe5 15. Nd2
fxe3 16. fxe3 Nf6 17. Bf3 Be6 18. Nxf6+ Bxf6 19. Rc1 Qe7 20. Ne4 Bg7 21. Qb3 Na5
22. Qb5 b6 23. c5 Nb3 24. cxb6 axb6 25. Rc3 Ra5 26. Qb4 Qxb4 27. axb4 Ra2 28.
Rxc7 Rxb2 29. Ng5 e4 30. Nxe6 exf3 31. Rxg7+ Kh8 32. Rb7 f2+ 33. Kh1 1-0

[Event "Titled Tue 27th May Early"]
[Site "chess.com INT"]
[Date "2025.05.27"]
[Round "2"]
[White "Bahmani, Koorosh"]
[Black "Sarasketa Irastortza, Oier"]
[Result "1-0"]
[WhiteTitle "CM"]
[BlackTitle "CM"]
[WhiteElo "2208"]
[BlackElo "2190"]
[WhiteFideId "42576750"]
[BlackFideId "54728207"]
[EventDate "2025.05.27"]

1. Nf3 Nf6 2. g3 b6 3. Bg2 Bb7 4. O-O g6 5. b3 Bg7 6. Bb2 O-O 7. d4 c5 8. c4
cxd4 9. Qxd4 Nc6 10. Qd1 d5 11. cxd5 Nxd5 12. Bxg7 Kxg7 13. Qd2 e6 14. Nc3 Nxc3
15. Qxc3+ Qf6 16. Qxf6+ Kxf6 17. Rac1 Rac8 18. Rfd1 Ke7 19. Ne5 Nxe5 20. Bxb7
Rxc1 21. Rxc1 Rd8 22. f4 Ng4 23. Bf3 Ne3 24. Kf2 Nf5 25. Rc7+ Rd7 26. Rc8 Nd4
27. Bg2 h5 28. Be4 Nf5 29. Bc6 Rd2 30. Rc7+ Kf8 31. Rxa7 Nd4 32. Ra8+ Kg7 33.
Ke3 Rd1 34. Be4 Nf5+ 35. Kf2 Rd2 36. Ra7 Nd4 37. Ke3 Rd1 38. b4 Nb5 39. Ra6 Rc1
40. Rxb6 Rc3+ 41. Bd3 Ra3 42. Rxb5 1-0

[Event "Titled Tue 27th May Early"]
[Site "chess.com INT"]
[Date "2025.05.27"]
[Round "2"]
[White "Barseghyan, Armen Ar."]
[Black "Tsydypov, Zhamsaran"]
[Result "1-0"]
[WhiteTitle "IM"]
[BlackTitle "GM"]
[WhiteElo "2348"]
[BlackElo "2514"]
[WhiteFideId "13306707"]
[BlackFideId "4108566"]
[EventDate "2025.05.27"]

1. d4 g6 2. Nf3 Bg7 3. g3 d6 4. Bg2 Nf6 5. O-O O-O 6. Nc3 d5 7. Re1 Bf5 8. Nh4
Bg4 9. h3 Bc8 10. e4 dxe4 11. Nxe4 Nxe4 12. Rxe4 f5 13. Re1 e6 14. c3 Nc6 15.
Nf3 h6 16. h4 Kh7 17. Bf4 a6 18. Ne5 Ne7 19. Qe2 Nd5 20. Bd2 c6 21. Rad1 Nf6 22.
Bf4 Nh5 23. Bd2 Qe7 24. Nd3 Re8 25. Nf4 Nf6 26. h5 g5 27. Ng6 Qf7 28. c4 Nxh5
29. Ne5 Bxe5 30. Qxe5 Nf6 31. Bc3 Ng4 32. Qd6 Qd7 33. Qc5 Qe7 34. Qxe7+ Rxe7 35.
d5 Kg6 36. Bb4 c5 37. Bxc5 Rc7 38. Bb6 Rxc4 39. dxe6 Nf6 40. Rd8 Rb4 41. Bd4
Bxe6 42. Rxa8 Rxd4 43. Rxe6 Rd1+ 44. Bf1 Kf7 45. Rb6 Ne4 46. Rxb7+ Kg6 47. Rxa6+
Kh5 48. Rbb6 Nd2 49. Rxh6+ Kg4 50. Kg2 Nxf1 51. f3# 1-0

[Event "Titled Tue 27th May Early"]
[Site "chess.com INT"]
[Date "2025.05.27"]
[Round "2"]
[White "Lissillour, Baptiste"]
[Black "Khodashenas, Mersad"]
[Result "1-0"]
[WhiteTitle "FM"]
[BlackTitle "IM"]
[WhiteElo "2318"]
[BlackElo "2471"]
[WhiteFideId "45179620"]
[BlackFideId "12514195"]
[EventDate "2025.05.27"]

1. e4 e5 2. Nf3 Nf6 3. Nxe5 d6 4. Nf3 Nxe4 5. d4 d5 6. Bd3 Be7 7. O-O Bf5 8. c4
dxc4 9. Bxc4 O-O 10. Nc3 Nd6 11. Bb3 Nc6 12. d5 Na5 13. Bc2 Nac4 14. Bxf5 Nxf5
15. Qd3 Ncd6 16. Bf4 Bf6 17. Rfe1 Qd7 18. Be5 Be7 19. Rac1 Rfe8 20. Ne4 b6 21.
Rc6 Rad8 22. Nc3 Bf8 23. Rd1 f6 24. Bf4 a5 25. Nd4 Nxd4 26. Qxd4 Nf5 27. Qc4 Bd6
28. h3 Bxf4 29. Qxf4 Nd6 30. a4 Re5 31. Qd4 Rde8 32. Kh2 Nf5 33. Qc4 R8e7 34.
d6+ Rf7 35. dxc7 Qc8 36. Rd8+ Re8 37. Rxc8 Rxc8 38. Qe6 Ne7 39. Qd7 h5 40. Nd5
Nxc6 41. Qxc8+ Kh7 42. Qf5+ Kh6 43. c8=Q Nd8 44. Qxd8 1-0

[Event "Titled Tue 27th May Early"]
[Site "chess.com INT"]
[Date "2025.05.27"]
[Round "2"]
[White "Ochedzan, Filip"]
[Black "Harsh, Suresh"]
[Result "0-1"]
[WhiteTitle "CM"]
[BlackTitle "IM"]
[WhiteElo "2130"]
[BlackElo "2392"]
[WhiteFideId "21892610"]
[BlackFideId "45018464"]
[EventDate "2025.05.27"]

1. f4 d5 2. Nf3 Bf5 3. g3 e6 4. Bg2 Nf6 5. O-O Nbd7 6. d3 h6 7. Qe1 Bh7 8. Nbd2
Be7 9. e4 dxe4 10. Nxe4 Nxe4 11. dxe4 Nc5 12. Ne5 f6 13. Ng4 Qd4+ 14. Nf2 O-O-O
15. c3 Qa4 16. Be3 Nd3 17. Nxd3 Rxd3 18. b3 Qa5 19. b4 Qa3 20. Bd4 Bxb4 21. Qe2
Rxc3 22. Bxc3 Bxc3 23. Rac1 Bd4+ 24. Kh1 Kb8 25. Qc4 Bb6 26. Qxe6 a6 27. Qc4 Re8
28. Rce1 Bg8 29. Qc2 Qxa2 30. Qxa2 Bxa2 31. e5 fxe5 32. fxe5 Bd4 33. Re4 c5 34.
Rfe1 Kc7 35. e6 Re7 36. Rg4 Kd6 37. Bh3 Bxe6 38. Bg2 Bxg4 39. Rxe7 Kxe7 40. Bxb7
a5 41. Bd5 Be6 42. Ba2 Bxa2 0-1

[Event "Titled Tue 27th May Early"]
[Site "chess.com INT"]
[Date "2025.05.27"]
[Round "2"]
[White "Altynbek, Aiaru"]
[Black "Tiitta, Sauli"]
[Result "0-1"]
[WhiteTitle "WFM"]
[WhiteElo "1977"]
[BlackElo "2157"]
[WhiteFideId "13752472"]
[BlackFideId "502251"]
[EventDate "2025.05.27"]

1. d4 c5 2. d5 h6 3. e4 d6 4. Bb5+ Bd7 5. Be2 a6 6. Nf3 b5 7. a4 bxa4 8. O-O Nf6
9. Nc3 g5 10. Nd2 Bg7 11. Nc4 Bb5 12. Re1 Nbd7 13. Bf1 O-O 14. Nxa4 Qc7 15. Nc3
Rfb8 16. Ra3 Bxc4 17. Bxc4 Nb6 18. Bf1 Nfd7 19. Qh5 Nf6 20. Qd1 Nfd7 21. Kh1 Ne5
22. f4 gxf4 23. Bxf4 Nec4 24. Rb3 a5 25. Qh5 a4 26. Rb5 Kh7 27. Qf5+ Kg8 28. Qg4
Ne5 29. Qg3 Ng6 30. Bd3 Nxf4 31. Qxf4 Nd7 32. Rf1 Ne5 33. Rxb8+ Qxb8 34. Nb5
Nxd3 35. Qxf7+ Kh8 36. cxd3 Qxb5 37. Qxe7 Qxd3 38. Rg1 Be5 39. Qb7 Rg8 40. Qf7
Qxe4 41. Qh5 Qg6 42. Qh3 Rf8 0-1

[Event "Titled Tue 27th May Early"]
[Site "chess.com INT"]
[Date "2025.05.27"]
[Round "2"]
[White "Belov, Alexei"]
[Black "Giri, Anish"]
[Result "0-1"]
[WhiteTitle "IM"]
[BlackTitle "GM"]
[WhiteElo "2421"]
[BlackElo "2738"]
[WhiteFideId "4128206"]
[BlackFideId "24116068"]
[EventDate "2025.05.27"]

1. e4 d6 2. d4 Nf6 3. Nc3 g6 4. f4 Bg7 5. Nf3 O-O 6. Be3 Ng4 7. Bg1 c5 8. Qd2
cxd4 9. Nxd4 Nc6 10. h3 Nf6 11. O-O-O Nh5 12. Nce2 Bd7 13. g4 Nf6 14. Bg2 Rc8
15. e5 dxe5 16. Nxc6 Bxc6 17. Bxc6 Qxd2+ 18. Rxd2 bxc6 19. fxe5 Bh6 20. exf6
Rfd8 21. Nd4 Bxd2+ 22. Kxd2 e5 23. Kc3 exd4+ 24. Bxd4 c5 25. Be5 Rd5 26. Bg3 Re8
27. Kc4 Rd4+ 28. Kxc5 Rd2 29. Rh2 Rc8+ 30. Kb5 Rxh2 31. Bxh2 Rxc2 32. Be5 h5 33.
gxh5 gxh5 34. Ka6 Re2 35. Bc3 Rh2 36. Kxa7 Rxh3 37. a4 h4 38. a5 Rxc3 39. bxc3
h3 40. Kb8 h2 41. a6 h1=Q 42. a7 Qh2+ 43. Kc8 Qg2 44. Kb8 Qb2+ 45. Kc7 Qa2 46.
Kb8 Qb3+ 47. Kc7 Qc4+ 48. Kb8 Qb5+ 49. Kc7 Qa6 50. Kb8 Qb6+ 51. Ka8 Qc7 52. c4
Qc8# 0-1

[Event "Titled Tue 27th May Early"]
[Site "chess.com INT"]
[Date "2025.05.27"]
[Round "2"]
[White "Bratovic, Blaz"]
[Black "Korchynskyi, Mykola"]
[Result "1/2-1/2"]
[WhiteTitle "IM"]
[BlackTitle "FM"]
[WhiteElo "2319"]
[BlackElo "2325"]
[WhiteFideId "14603551"]
[BlackFideId "34138005"]
[EventDate "2025.05.27"]

1. e4 c6 2. d4 d5 3. e5 Bf5 4. h4 h5 5. Bd3 Bxd3 6. Qxd3 Qa5+ 7. Nd2 e6 8. Nf3
Nh6 9. O-O Nf5 10. c4 Qa6 11. a3 c5 12. b4 cxb4 13. Bb2 Nc6 14. axb4 Nxb4 15.
Qb3 Qc6 16. Bc3 dxc4 17. Nxc4 Nd5 18. Bd2 Be7 19. Rfc1 O-O 20. Nd6 Qb6 21. Qxb6
axb6 22. Nxf5 exf5 23. Rab1 Rfd8 24. Bg5 Bxg5 25. Nxg5 Ra4 26. e6 fxe6 27. Nxe6
Re8 28. Nc7 Rd8 29. Nxd5 Rxd5 30. Rxb6 Raxd4 31. g3 Rd1+ 32. Rxd1 Rxd1+ 33. Kg2
Rd7 34. Kf3 Kf7 35. Kf4 Rd2 36. Rxb7+ Kg6 37. Rb6+ Kh7 38. f3 Rd4+ 39. Kxf5 Rd3
40. Kf4 Rd4+ 41. Ke3 Ra4 42. Rb5 Ra3+ 43. Kf4 Ra4+ 44. Kf5 Ra3 45. Kf4 Ra4+ 46.
Ke3 Ra3+ 47. Kf2 Ra2+ 48. Ke3 Ra3+ 1/2-1/2

[Event "Titled Tue 27th May Early"]
[Site "chess.com INT"]
[Date "2025.05.27"]
[Round "2"]
[White "Mikhailova, Irina"]
[Black "Mariano, Fabian Glen"]
[Result "0-1"]
[WhiteTitle "WGM"]
[BlackTitle "FM"]
[WhiteElo "2143"]
[BlackElo "2402"]
[WhiteFideId "4109040"]
[BlackFideId "7129041"]
[EventDate "2025.05.27"]

1. d4 Nf6 2. Nf3 e6 3. c4 b6 4. a3 Bb7 5. Nc3 d5 6. cxd5 Nxd5 7. Bd2 Be7 8. Qc2
O-O 9. e4 Nxc3 10. Bxc3 Nd7 11. Rd1 Qc8 12. Bd3 Rd8 13. O-O c5 14. d5 exd5 15.
exd5 Nf8 16. Bc4 Bd6 17. Rfe1 Qg4 18. h3 Qh5 19. Be5 Ng6 20. Bxd6 Rxd6 21. Qe2
Rad8 22. Rd2 h6 23. Red1 Bc8 24. Nh2 Qg5 25. Nf3 Qf6 26. Kh2 Bd7 27. Qe3 Re8 28.
Qc3 Qf4+ 29. g3 Qf5 30. Ng1 Rd8 31. Bd3 Qf6 32. Bxg6 Qxg6 33. f4 Bf5 34. Qe3 Be4
35. Nf3 Rxd5 36. Ne5 Rxd2+ 37. Rxd2 Rxd2+ 38. Qxd2 Qe6 39. g4 f6 40. Qd7 Qb3 41.
Qe8+ Kh7 42. Qg6+ Bxg6 0-1

[Event "Titled Tue 27th May Early"]
[Site "chess.com INT"]
[Date "2025.05.27"]
[Round "2"]
[White "Mica, Marek"]
[Black "Le, Quang Liem"]
[Result "0-1"]
[WhiteTitle "FM"]
[BlackTitle "GM"]
[WhiteElo "2372"]
[BlackElo "2729"]
[WhiteFideId "382884"]
[BlackFideId "12401137"]
[EventDate "2025.05.27"]

1. Nf3 d5 2. g3 Nf6 3. Bg2 g6 4. O-O Bg7 5. c4 O-O 6. d4 dxc4 7. Na3 Be6 8. Ng5
Bd5 9. e4 h6 10. exd5 hxg5 11. Nxc4 Nxd5 12. Bxg5 Nc6 13. Ne3 Nb6 14. d5 Ne5 15.
Bf4 Qd7 16. Rc1 Rfd8 17. Qc2 Rac8 18. Rfd1 Ng4 19. Nxg4 Qxg4 20. h3 Qd7 21. b3
Bf6 22. h4 Kg7 23. Kh2 Qb5 24. a4 Qb4 25. Bd2 Qd6 26. Bf4 Be5 27. Bxe5+ Qxe5 28.
Re1 Qf6 29. Rcd1 Rd6 30. Kg1 Kf8 31. Qc5 a6 32. Bh3 Rcd8 33. Qxc7 Nxd5 34. Qxb7
Nf4 35. Bg4 Nh3+ 36. Kg2 Nxf2 37. Rxd6 Rxd6 38. Qc8+ Kg7 39. Bf3 Rd2 40. Re2
Rxe2 41. Bxe2 Ne4 42. Bf3 Qb2+ 43. Kh3 Nf2+ 44. Kg2 Ng4+ 45. Kh3 Qh2+ 46. Kxg4
f5+ 47. Kf4 Qd2+ 48. Ke5 Qd6# 0-1

[Event "Titled Tue 27th May Early"]
[Site "chess.com INT"]
[Date "2025.05.27"]
[Round "2"]
[White "Emeliantsev, Anatoliy"]
[Black "Sydoryka, Vladyslav"]
[Result "0-1"]
[WhiteTitle "FM"]
[BlackTitle "FM"]
[WhiteElo "2359"]
[BlackElo "2224"]
[WhiteFideId "4160681"]
[BlackFideId "14145928"]
[EventDate "2025.05.27"]

1. d4 Nf6 2. c4 e6 3. Nc3 Bb4 4. a3 Bxc3+ 5. bxc3 b6 6. f3 d6 7. e4 e5 8. Bd3
Nc6 9. Ne2 h6 10. O-O O-O 11. f4 Re8 12. fxe5 dxe5 13. d5 Na5 14. Ng3 Qd6 15.
Kh1 Bg4 16. Be2 Bxe2 17. Qxe2 Nh7 18. Nf5 Qg6 19. Rf3 Nb3 20. Rg3 Nxa1 21. Rxg6
fxg6 22. Nh4 Nb3 23. Be3 Nf8 24. Qg4 Kh7 25. Nf3 Re7 26. h4 Rf7 27. h5 gxh5 28.
Qxh5 Kg8 29. Nxe5 Re7 30. Bd4 Rae8 31. Qd1 Nc5 32. Bxc5 bxc5 33. Nc6 Rxe4 34.
Qh5 Nh7 35. Qf5 Nf6 36. Qg6 Ng4 37. g3 Nf6 38. Kg2 Re2+ 39. Kh3 Re1 40. d6 R8e2
41. Ne7+ Kf8 42. Nf5 Rh1# 0-1

[Event "Titled Tue 27th May Early"]
[Site "chess.com INT"]
[Date "2025.05.27"]
[Round "2"]
[White "Dovgaliuk, Oleksandr"]
[Black "Gutman, Gennadi"]
[Result "1-0"]
[BlackTitle "GM"]
[WhiteElo "2240"]
[BlackElo "2445"]
[WhiteFideId "14167247"]
[BlackFideId "14102277"]
[EventDate "2025.05.27"]

1. e4 c6 2. d4 d5 3. f3 e6 4. Bd3 Nf6 5. e5 Nfd7 6. f4 c5 7. c3 Nc6 8. Nf3 a6 9.
O-O b5 10. Kh1 g6 11. Be3 Bb7 12. Nbd2 Qc7 13. a3 Na5 14. Ng5 Nc4 15. Nxc4 dxc4
16. Be4 Nb6 17. Bxb7 Qxb7 18. dxc5 Nd5 19. Ne4 Rd8 20. Qf3 Be7 21. Nd6+ Bxd6 22.
cxd6 h5 23. Rad1 h4 24. Rd4 Qa8 25. Rfd1 h3 26. Rxd5 hxg2+ 27. Kxg2 exd5 28.
Rxd5 O-O 29. Bd4 Qc8 30. Qh3 Qe6 31. Qxe6 fxe6 32. Rc5 Rxf4 33. Rc6 Kf7 34. Rxa6
Re4 35. Ra7+ Kg8 36. Rb7 Re2+ 37. Kf3 Rxb2 38. Bb6 Rc8 39. d7 Ra8 40. Rc7 Ra4
41. Rc8+ Kf7 42. d8=Q Rxa3 43. Qf8# 1-0

[Event "Titled Tue 27th May Early"]
[Site "chess.com INT"]
[Date "2025.05.27"]
[Round "2"]
[White "Yushko, Olga"]
[Black "Shymanskyi, Oleksandr"]
[Result "0-1"]
[WhiteTitle "WFM"]
[BlackTitle "FM"]
[WhiteElo "2036"]
[BlackElo "2218"]
[WhiteFideId "14114500"]
[BlackFideId "14168880"]
[EventDate "2025.05.27"]

1. d4 Nf6 2. c4 e6 3. Nc3 Bb4 4. f3 c5 5. e3 cxd4 6. exd4 d5 7. a3 Be7 8. cxd5
Nxd5 9. Bd3 Nc6 10. Nge2 O-O 11. O-O Nxc3 12. bxc3 Bf6 13. Bf4 e5 14. dxe5 Nxe5
15. Be4 Ng6 16. Be3 Qc7 17. Nd4 Qxc3 18. Bf2 Rd8 19. Rc1 Qxa3 20. Rc4 Be6 21.
Ra4 Qc3 22. Bxb7 Rab8 23. Be4 Bb3 24. Qa1 Qxa1 25. Rfxa1 Bxa4 26. Rxa4 Nf4 27.
g3 Bxd4 28. Bxd4 Ne2+ 29. Kf2 Nxd4 30. Rxa7 Rb2+ 31. Ke3 Re2+ 32. Kf4 Ne6+ 33.
Kg4 Rxh2 34. f4 h5+ 35. Kf3 h4 36. Kg4 hxg3 37. Kxg3 Rhd2 38. f5 Ng5 39. Bb1 Rb2
40. Ba2 Ne4+ 41. Kf4 Nd6 42. Bc4 Nxc4 0-1